| 000 | 00361nam a2200133Ia 4500 | ||
|---|---|---|---|
| 008 | 231221s9999 xx 000 0 und d | ||
| 020 | _a978-0-387-23467-0 | ||
| 041 | _aEnglish | ||
| 100 | _aJohn Cagnol, Jean-Paul Zolésio | ||
| 245 | 0 | _aSystem Modeling and Optimization | |
| 260 |
_c2005 _bSpringer US _aNew York |
||
| 650 | _aComputer Science | ||
| 942 | _cEB | ||
| 999 |
_c217996 _d217996 |
||